Statistics for FIFA World Cup 2010 Trivia (Difficult)

Click here to take the quiz!

General Stats

  • This quiz has been taken 50 times
  • The average score is 40 of 69

Answer Stats

HintAnswer% Correct
Runners-upNetherlands
100%
FIFA Fair Play TrophySpain
100%
ChampionsSpain
100%
Host CountrySouth Africa
98%
MidfielderAndres Iniesta
93%
Last/Winning Goalscorer of the TournamentAndres Iniesta
93%
Team with Most Goals ScoredGermany
93%
Third PlaceGermany
93%
GoalkeeperIker Casillas
91%
Golden Glove AwardIker Casillas
91%
MidfielderXavi
87%
2 AssistsXavi
87%
ForwardDavid Villa
82%
ForwardDavid Villa
82%
5 GoalsDavid Villa
82%
MidfielderThomas Muller
82%
5 GoalsThomas Muller
82%
3 AssistsThomas Muller
82%
Best Young Player AwardThomas Muller
82%
Youngest Scorer (20 years)Thomas Muller
82%
Golden Boot AwardThomas Muller
82%
Fourth PlaceUruguay
82%
5 GoalsWesley Sneijder
82%
MidfielderWesley Sneijder
82%
MidfielderWesley Sneijder
82%
Winning Manager/CoachVicente del Bosque
80%
Golden Ball AwardDiego Forlan
73%
ForwardDiego Forlan
73%
5 GoalsDiego Forlan
73%
Long Horn Famous for its Loud NoiseVuvuzela
73%
Official SongWaka Waka
73%
DefenderCarles Puyol
69%
DefenderCarles Puyol
69%
4 GoalsMiroslav Klose
67%
DefenderSergio Ramos
62%
DefenderSergio Ramos
62%
2 AssistsRobin van Persie
60%
First Goalscorer of the TournamentSiphiwe Tshabalala
60%
Official match ballJabulani
58%
DefenderPhilipp Lahm
56%
DefenderPhilipp Lahm
56%
3 GoalsLuis Suarez
53%
ForwardLuis Suarez
53%
2 AssistsLuis Suarez
53%
Team(s) with Least Goals ConcededPortugal/Switzerland
53%
Coca-Cola Promotional AnthemWavin' Flag
49%
GoalkeeperManuel Neuer
44%
3 AssistsMesut Ozil
44%
2 AssistsLukas Podolski
42%
MidfielderSergio Busquets
38%
3 AssistsBastian Schweinsteiger
36%
MidfielderBastian Schweinsteiger
36%
Final Stadium NameSoccer City
29%
4 GoalsGonzalo Higuain
27%
3 AssistsKaka
27%
3 AssistsDirk Kuyt
22%
3 GoalsLuis Fabiano
22%
MidfielderMark van Bommel
20%
Official MascotZakumi
20%
3 GoalsAsamoah Gyan
18%
DefenderJoan Capdevila
13%
Total Goals Scored145
11%
4 GoalsRobert Vittek
11%
3 GoalsLandon Donovan
9%
DefenderMaicon
9%
2 AssistsWalter Gargano
7%
2 AssistsArthur Boka
4%
2 AssistsKi Sung-yueng
4%
Oldest Scorer (37 years)Cuauhtemoc Blanco
2%

Score Distribution

Percentile by Number Answered

Percent of People with Each Score

Your Score History

You have not taken this quiz